[Event "Michigan Class D/E"]
[Site "Auburn Hills"]
[Date "2005.01.16"]
[Round "4.5"]
[White "Browne, Norman"]
[Black "Barksdale, Dalton"]
[Result "1-0"]
[WhiteElo "1104"]
[BlackElo "1250"]
[PlyCount "123"]
[EventDate "2005.01.15"]
[EventType "swiss"]
[EventRounds "5"]
[EventCountry "USA"]
[SourceTitle "EXT 2006"]
[Source "ChessBase"]
[SourceDate "2005.11.24"]
[SourceVersion "1"]
[SourceVersionDate "2005.11.24"]
[SourceQuality "1"]

1. Nf3 Nf6 2. g3 g6 3. Bg2 Bg7 4. c3 0-0 5. d4 d5 6. Bg5 Ne4 7. Bf4 b6 8. Nbd2 Bb7 9. Nxe4 dxe4 10. Nd2 f5 11. Be5 Bxe5 12. dxe5 Qc8 13. Qb3+ Kg7 14. 0-0-0 e3 15. Nf3 exf2 16. Qb4 c5 17. Qh4 Nc6 18. Bh3 Qe6 19. Ng5 Qg8 20. e6 Rad8 21. Nf7 Rxf7 22. Rxd8 Nxd8 23. exf7 Qxf7 24. Rd1 Nc6 25. Qf4 Qxa2 26. Qxf2 Qa1+ 27. Kc2 Qa4+ 28. Kc1 Nb4 29. cxb4 Be4 30. e3 Qa1+ 31. Kd2 Qxb2+ 32. Ke1 Qxb4+ 33. Qd2 Qa4 34. Qc1 Bc6 35. Bf1 Qa2 36. Qa1+ Qxa1 37. Rxa1 a5 38. Rb1 Bf3 39. Rxb6 e5 40. Rb5 e4 41. Rxc5 Kf6 42. Rxa5 Kg5 43. Ra7 h5 44. Be2 Bxe2 45. Kxe2 Kg4 46. Rg7 Kg5 47. Kd2 Kf6 48. Ra7 g5 49. Kc3 h4 50. gxh4 gxh4 51. Kd4 Kg5 52. Ke5 Kg6 53. Ra6+ Kh5 54. Rf6 Kg4 55. Rxf5 Kh3 56. Rh5 Kg4 57. Rh8 h3 58. Kxe4 Kg5 59. Rxh3 Kg4 60. Rg3+ Kh4 61. Kf5 Kh5 62. Rh3# 1-0

[Event "Lansing op"]
[Site "Lansing"]
[Date "2004.09.03"]
[Round "1"]
[White "Mortz, Jeffrey"]
[Black "Browne, Norman"]
[Result "1-0"]
[WhiteElo "1296"]
[BlackElo "1027"]
[PlyCount "81"]
[EventDate "2004.09.03"]
[EventType "swiss"]
[EventRounds "7"]
[EventCountry "USA"]
[SourceTitle "EXT 2007"]
[Source "ChessBase"]
[SourceDate "2006.11.23"]
[SourceVersion "1"]
[SourceVersionDate "2006.11.23"]
[SourceQuality "1"]

1. e4 d6 2. d4 g6 3. Nf3 Nf6 4. Nc3 Bg7 5. Bc4 0-0 6. 0-0 Nc6 7. d5 Ne5 8. Nxe5 dxe5 9. Be3 Re8 10. Bb5 Bd7 11. Bxd7 Qxd7 12. f3 e6 13. dxe6 Qxe6 14. Nd5 Qd6 15. c4 c6 16. Nxf6+ Qxf6 17. c5 Rad8 18. Qc2 Rd7 19. Rad1 Red8 20. Rxd7 Rxd7 21. Rd1 Qd8 22. Rxd7 Qxd7 23. Qd2 Qxd2 24. Bxd2 Bf8 25. Be3 Be7 26. b4 Bd8 27. Kf2 f6 28. a4 Kf7 29. a5 a6 30. f4 g5 31. fxe5 fxe5 32. g4 Kg6 33. h3 h5 34. Bd2 h4 35. Bc3 Kf6 36. Ke3 Ke7 37. Bxe5 Ke6 38. Kd4 Bf6 39. Bxf6 Kxf6 40. e5+ Ke6 41. Ke4 1-0

[Event "Warren Bottom-Half U1300 op"]
[Site "Warren"]
[Date "2004.06.27"]
[Round "5"]
[White "Saylor, Oliver"]
[Black "Browne, Norman"]
[Result "0-1"]
[WhiteElo "1278"]
[BlackElo "1075"]
[PlyCount "48"]
[EventDate "2004.06.26"]
[EventType "swiss"]
[EventRounds "5"]
[EventCountry "USA"]
[SourceTitle "EXT 2008"]
[Source "ChessBase"]
[SourceDate "2007.11.25"]
[SourceVersion "1"]
[SourceVersionDate "2007.11.25"]
[SourceQuality "1"]

1. e4 d6 2. d4 g6 3. Nf3 Bg7 4. Be3 Nf6 5. Nc3 0-0 6. Qd2 Ng4 7. h4 Nxe3 8. Qxe3 h5 9. Bc4 Nd7 10. 0-0-0 c5 11. d5 Ne5 12. Nxe5 Bxe5 13. f4 Bd4 14. Qd3 Bg4 15. Rdf1 f5 16. exf5 gxf5 17. Ne2 Qb6 18. Nxd4 cxd4 19. Re1 Rfe8 20. Bb5 Rf8 21. Rxe7 Rf7 22. Rxf7 Kxf7 23. Re1 Qa5 24. Ba4 Qxe1+ 0-1

[Event "Warren Bottom-Half U1300 op"]
[Site "Warren"]
[Date "2004.06.26"]
[Round "2"]
[White "Browne, Norman"]
[Black "Oliver, Jaison"]
[Result "0-1"]
[WhiteElo "1095"]
[BlackElo "1197"]
[PlyCount "118"]
[EventDate "2004.06.26"]
[EventType "swiss"]
[EventRounds "5"]
[EventCountry "USA"]
[SourceTitle "EXT 2008"]
[Source "ChessBase"]
[SourceDate "2007.11.25"]
[SourceVersion "1"]
[SourceVersionDate "2007.11.25"]
[SourceQuality "1"]

1. Nf3 Nc6 2. d4 d5 3. g3 Nf6 4. Bg2 e6 5. Bg5 Be7 6. 0-0 h6 7. Bxf6 Bxf6 8. e3 0-0 9. Nbd2 Re8 10. c4 Rb8 11. Qc2 b6 12. cxd5 Nb4 13. Qb3 Nxd5 14. Nc4 Bb7 15. Rac1 Ne7 16. Rfe1 Nc6 17. Re2 e5 18. dxe5 Nxe5 19. Ncxe5 Bxe5 20. Nxe5 Rxe5 21. Bxb7 Rxb7 22. Rc6 a6 23. Qc3 Rd5 24. Kg2 Qd7 25. Rc2 Rb5 26. Qc4 Qd5+ 27. Qxd5 Rxd5 28. Rxc7 Rxc7 29. Rxc7 Rd2 30. Rc1 Rxb2 31. Ra1 Kf8 32. Kf1 Ke7 33. h4 Ke6 34. f3 h5 35. a4 Rb4 36. Ke2 b5 37. axb5 axb5 38. Ra6+ Kd5 39. Ra7 Rb2+ 40. Kd3 Rb3+ 41. Kd2 Ke6 42. Ra6+ Kf5 43. Ra7 Kg6 44. Ra6+ f6 45. Rb6 b4 46. Rb5 Rb1 47. Kc2 Rf1 48. g4 Rxf3 49. gxh5+ Kh6 50. Rxb4 Rxe3 51. Rg4 Kxh5 52. Rd4 f5 53. Kd2 Re4 54. Rxe4 fxe4 55. Ke3 Kxh4 56. Kxe4 g5 57. Kf3 Kh3 58. Kf2 g4 59. Kg1 Kg3 0-1

[Event "Michigan Senior Reserve"]
[Site "Flint"]
[Date "2004.06.13"]
[Round "4"]
[White "Browne, Norman"]
[Black "Keefe, Matt"]
[Result "1-0"]
[WhiteElo "1075"]
[BlackElo "1140"]
[PlyCount "51"]
[EventDate "2004.06.12"]
[EventType "swiss"]
[EventRounds "4"]
[EventCountry "USA"]
[SourceTitle "EXT 2008"]
[Source "ChessBase"]
[SourceDate "2007.11.25"]
[SourceVersion "1"]
[SourceVersionDate "2007.11.25"]
[SourceQuality "1"]

1. Nf3 Nf6 2. g3 d6 3. Bg2 e5 4. d3 Be6 5. c4 Qd7 6. Ng5 Nc6 7. Nxe6 Qxe6 8. Qa4 Qd7 9. Bg5 Be7 10. Nd2 h6 11. Bxf6 Bxf6 12. Ne4 Nd4 13. Qxd7+ Kxd7 14. Nxf6+ gxf6 15. Kd2 c6 16. e3 Nf5 17. Bh3 Ke6 18. e4 d5 19. Bxf5+ Kd6 20. cxd5 cxd5 21. Rac1 Rab8 22. Rc3 d4 23. Rc2 b5 24. Rhc1 Rb6 25. Rc7 a5 26. Rd7# 1-0

[Event "Michigan Senior Reserve"]
[Site "Flint"]
[Date "2004.06.12"]
[Round "2"]
[White "Browne, Norman"]
[Black "Gibbs, Tony"]
[Result "0-1"]
[WhiteElo "1075"]
[BlackElo "1272"]
[PlyCount "80"]
[EventDate "2004.06.12"]
[EventType "swiss"]
[EventRounds "4"]
[EventCountry "USA"]
[SourceTitle "EXT 2008"]
[Source "ChessBase"]
[SourceDate "2007.11.25"]
[SourceVersion "1"]
[SourceVersionDate "2007.11.25"]
[SourceQuality "1"]

1. Nf3 d5 2. c4 d4 3. g3 Nc6 4. Bg2 e5 5. d3 Bd6 6. 0-0 Be6 7. Nbd2 f5 8. Nb3 h6 9. e3 Qf6 10. exd4 e4 11. dxe4 Bxc4 12. Re1 Bb4 13. e5 Qe7 14. Bd2 Bxd2 15. Nfxd2 Bxb3 16. Nxb3 0-0-0 17. Bxc6 bxc6 18. Qd3 Rf8 19. Qa6+ Kd8 20. Qxc6 Qd7 21. Qa8+ Qc8 22. Qxa7 Ne7 23. Na5 f4 24. Nb7+ Ke8 25. e6 Rf6 26. Qa4+ Kf8 27. Nc5 Kg8 28. Qa6 Qe8 29. Ne4 Rg6 30. Rac1 c6 31. b4 fxg3 32. fxg3 h5 33. h4 Rhh6 34. Rc3 Rxe6 35. Rce3 Nf5 36. Qc4 Nxe3 37. Rxe3 Kh8 38. Qd3 Rhg6 39. Kg2 Rg4 40. Kf3 Qf8+ 0-1

[Event "Auburn Hills op"]
[Site "Auburn Hills"]
[Date "2004.04.18"]
[Round "4"]
[White "Miller, Charles"]
[Black "Browne, Norman"]
[Result "1-0"]
[WhiteElo "1085"]
[BlackElo "1206"]
[PlyCount "89"]
[EventDate "2004.04.17"]
[EventType "swiss"]
[EventRounds "5"]
[EventCountry "USA"]
[SourceTitle "EXT 2008"]
[Source "ChessBase"]
[SourceDate "2007.11.25"]
[SourceVersion "1"]
[SourceVersionDate "2007.11.25"]
[SourceQuality "1"]

1. e4 d5 2. exd5 Qxd5 3. Nc3 Qe6+ 4. Qe2 Nf6 5. d4 Qxe2+ 6. Bxe2 Bd7 7. Bf4 c6 8. 0-0-0 e6 9. a3 Nd5 10. Nxd5 exd5 11. Re1 Be6 12. Nf3 h6 13. Bg3 Nd7 14. Ne5 Nxe5 15. Bxe5 f6 16. Bxf6 gxf6 17. Bg4 0-0-0 18. Rxe6 Kb8 19. Rxf6 Bg7 20. Rf4 Rhe8 21. Kb1 Re4 22. Rxe4 dxe4 23. c3 Re8 24. Re1 Re7 25. Bf5 Rf7 26. Bxe4 Rxf2 27. Bxc6 Rf7 28. Bd5 Rd7 29. Bf3 Kc7 30. Kc2 Kd8 31. b3 Kc7 32. h3 Kd8 33. Bg4 Rc7 34. Bf3 Kd7 35. Kd3 Kd6 36. Bg4 Rf7 37. Re8 Kc7 38. Kc4 Bf8 39. Rc8+ Kb6 40. a4 a5 41. b4 Bd6 42. bxa5+ Kxa5 43. Ra8+ Kb6 44. a5+ Kc7 45. Rc8# 1-0

[Event "Auburn Hills op"]
[Site "Auburn Hills"]
[Date "2004.04.17"]
[Round "2"]
[White "Browne, Norman"]
[Black "Kapa, Goutham"]
[Result "1-0"]
[WhiteElo "1206"]
[BlackElo "690"]
[PlyCount "53"]
[EventDate "2004.04.17"]
[EventType "swiss"]
[EventRounds "5"]
[EventCountry "USA"]
[SourceTitle "EXT 2008"]
[Source "ChessBase"]
[SourceDate "2007.11.25"]
[SourceVersion "1"]
[SourceVersionDate "2007.11.25"]
[SourceQuality "1"]

1. d4 d5 2. c4 Nf6 3. Nf3 Bg4 4. e3 e6 5. Nc3 Bb4 6. Bd2 Ne4 7. Qa4+ Nc6 8. cxd5 exd5 9. Bb5 0-0 10. Bxc6 Bxc3 11. Bxc3 Nxc3 12. bxc3 bxc6 13. Qxc6 Qb8 14. Ne5 Be6 15. Nd7 Qe8 16. Ne5 f6 17. Qxe8 Rfxe8 18. Nd3 Rac8 19. Nc5 c6 20. Kd2 Rb8 21. Rab1 Rxb1 22. Rxb1 Bf5 23. Rb7 Be4 24. Nxe4 Rxe4 25. Rxa7 Rg4 26. g3 g5 27. f3 1-0